000 00831nam a2200253Ia 4500
003 OSt
005 20220923220352.0
006 a|||||r|||| 00| 0
007 ta
008 220922b |||||||| |||| 00| 0 hin d
024 _a186,184
037 _cTextual
040 _aARTS
_cARTS
_bhin
041 _2hin
_ahin
082 _aY73(Q2).2'N9, 152N4
100 _aराजकिशोर, संपा.
245 0 _aहिन्दू होने का मतलब
246 _aHindū hone kā matalaba
260 _aनई दिल्ली
_b वाणी प्रकाशन
_c1994
300 _a112 पृ.
_ccm.
650 _aभारतीय-लोक साहित्य
942 _hY73(Q2).2'N9, 152N4
_cTEXL
_2CC
999 _c339429
_d339429